000 02753nam a2200517 4500
001 OTLid0000789
003 MnU
005 20201105133401.0
006 m o d s
008 191027s2019 mnu o 0 0 eng d
020 _a
040 _aMnU
_beng
_cMnU
050 4 _aKF385.A4
050 4 _aK3400
050 4 _aK623
050 4 _aK3154
050 4 _aK7265
050 4 _aK7200
050 4 _aKB3790
245 0 0 _aBusiness Law I Essentials
_cMirande Valbrune
264 2 _bOpen Textbook Library
264 1 _bOpenStax
300 _a1 online resource
490 0 _aOpen textbook library.
505 0 _a1 American Law, Legal Reasoning, and the Legal System -- 2 Disputes and Dispute Settlement -- 3 Business Ethics and Social Responsibility -- 4 Business and the United States Constitution -- 5 Criminal Liability -- 6 The Tort System -- 7 Contract Law -- 8 Sales Contracts -- 9 Employment and Labor Law -- 10 Government Regulation -- 11 Antitrust Law -- 12 Unfair Trade Practices and the Federal Trade Commission -- 13 International Law -- 14 Securities Regulation
520 0 _aBusiness Law I Essentials is a brief introductory textbook designed to meet the scope and sequence requirements of courses on Business Law or the Legal Environment of Business. The concepts are presented in a streamlined manner, and cover the key concepts necessary to establish a strong foundation in the subject. The textbook follows a traditional approach to the study of business law. Each chapter contains learning objectives, explanatory narrative and concepts, references for further reading, and end-of-chapter questions. Business Law I Essentials may need to be supplemented with additional content, cases, or related materials, and is offered as a foundational resource that focuses on the baseline concepts, issues, and approaches.
542 1 _fAttribution-NonCommercial-ShareAlike
546 _aIn English.
588 0 _aDescription based on online resource
650 0 _aLaw
_vTextbooks
_zUnited States
650 0 _aAdministrative Law
_vTextbooks
650 0 _aCivil Law
_vTextbooks
650 0 _aConstitutional Law
_vTextbooks
650 0 _aContract Law
_vTextbooks
650 0 _aProperty Law
_vTextbooks
650 0 _aCriminal Law
_vTextbooks
700 1 _aValbrune, Mirande
_eauthor
700 1 _aDe Assis, Renee
_eauthor
700 1 _aCardell, Suzanne
_eauthor
710 2 _aOpen Textbook Library
_edistributor
856 4 0 _uhttps://open.umn.edu/opentextbooks/textbooks/789
_zAccess online version
999 _c20135
_d20135